000 00516nam a2200181Ia 4500
001 20438
005 20260306172806.0
008 260306t2018||||xx |||||||||||||| ||spa||
041 _aESP
082 _a343.2J
_bT81I
100 _aTribunal Constitucional del Perú
_eAUT
245 0 _aJurisprudencia relevante del Tribunal de Garantías Constitucionales:
_bprocesos de inconstitucionalidad
260 _c2018
300 _a461 páginas :
_c24 cm.
650 _aGEN
654 _aCDE
942 _cLIB
_dJUS
_fJUS
_2ddc
_n
999 _c20438
_d20438